000 01035cam a2200301 a 4500
001 16607605
003 SISC
005 20170125102204.0
008 110111s2010 enk 001 0 eng
010 _a 2010053075
020 _a9780230577206 (hc : alk. paper)
040 _aDLC
_cDLC
_dDLC
042 _apcc
050 0 0 _aHD 58.7
_b.S478 2011
082 0 0 _a650.1
100 1 _aShaw, Peter.
_cCB.
245 1 0 _aDefining moments :
_bnavigating through business and organizational life /
_cPeter Shaw.
260 _aHoundmills, Basingstoke Hampshire ; New York :
_bPalgrave Macmillan,
_c2010.
300 _axiii, 179 pages ;
_c25 cm.
504 _aIncludes bibliographical references and index.
650 0 _aOrganizational behavior.
650 0 _aOrganizational change.
650 0 _aSituational awareness.
650 0 _aConduct of life.
906 _a7
_bcbc
_corignew
_d1
_eecip
_f20
_gy-gencatlg
942 _2lcc
_cBK
_kFOR
999 _c275406
_d275406